000 00660cam a2200193 a 4500
001 000018301
005 20200929165439.0
008 920526s1990 cu 001 p spa d
040 _aDO-SdBNP
_bspa
_cBNPHU
082 _aCu861.44
_bC613c
100 1 _aClaro, Elsa.
_d1943-
_939639
245 1 4 _aLos caminos y el silencio /
_cElsa Claro ; edición Bertha Hernández López.
260 _aCiudad de La Habana :
_bUnión de Escritores y Artistas de Cuba,
_c1990.
300 _a107 p. ;
_c18 cm.
490 1 _aManjuarí
_aPoesía
650 4 _aPoesía cubana
_95226
650 4 _aLiteratura cubana
_ySIGLO XX
_99186
700 1 _aHernández López, Bertha
_eed.
_917039
999 _c17822
_d17822